|
|
|
|
| LEADER |
00000naa2a2200000 4500 |
| 001 |
530111 |
| 005 |
20240202104321.0 |
| 035 |
|
|
|a (RuTPU)RU\TPU\prd\216002
|
| 035 |
|
|
|a RU\TPU\prd\215997
|
| 090 |
|
|
|a 530111
|
| 100 |
|
|
|a 20140327a1990 k y0rusy50 ca
|
| 101 |
0 |
|
|a rus
|
| 102 |
|
|
|a RU
|
| 200 |
1 |
|
|a Экспериментальная тепловая томография твердых тел при импульсном одностороннем нагреве
|f В. П. Вавилов [и др.]
|
| 320 |
|
|
|a Библиогр.: 3 назв.
|
| 461 |
|
1 |
|0 (RuTPU)RU\TPU\prd\151
|t Дефектоскопия
|d 1965-
|
| 463 |
|
1 |
|0 (RuTPU)RU\TPU\prd\87658
|t № 12
|v C. 60-66
|d 1990
|
| 610 |
1 |
|
|a труды учёных ТПУ
|
| 701 |
|
1 |
|a Вавилов
|b В. П.
|c специалист в области неразрушающего контроля
|c профессор Томского политехнического университета, доктор технических наук
|f 1949-
|g Владимир Платонович
|3 (RuTPU)RU\TPU\pers\19772
|9 7710
|
| 701 |
|
1 |
|a Ахмед
|b Т.
|
| 701 |
|
1 |
|a Джин
|b Х. Д.
|
| 701 |
|
1 |
|a Томас
|b Р. Л.
|
| 701 |
|
1 |
|a Фавро
|b Л. Д.
|
| 801 |
|
1 |
|a RU
|b 63413507
|c 20061110
|g PSBO
|
| 801 |
|
2 |
|a RU
|b 63413507
|c 20140407
|g RCR
|
| 942 |
|
|
|c BK
|